000 00593nam a22002057a 4500
003 OSt
005 20220107122736.0
008 140417b xxu||||| |||| 00| 0 eng d
020 _a9788177582482
040 _cIIITM-K
082 _a005.1 KER/P
100 _aKernighan, Brian W
_94103
245 _aThe practice of programming:
_bSimplicity clarity generality
_cby Kernighan, Brian W; Rob Pike
260 _aNew Delhi,
_bPearson,
_c1999.
300 _axii, 267p.
650 _aCOMPUTER SCIENCE
_94104
650 _aCOMPUTER PROGRAMMING
_94105
700 _aPike, Rob
_94106
942 _2ddc
_cBK
999 _c3840
_d3840